| 000 | 01297nam a2200253Ia 4500 | ||
|---|---|---|---|
| 999 |
_c56535 _d56535 |
||
| 001 | 23649 | ||
| 003 | GE_BSU | ||
| 005 | 20260227153124.0 | ||
| 008 | 181216s1920||||ge |||||||||||||| ||geo|| | ||
| 040 | _cGE_BSU | ||
| 041 | _ageo | ||
| 080 | _a930(495)"01/04 ყ-36 | ||
| 100 |
_aყაუხჩიშვილი, სიმ. _917670 |
||
| 245 |
_aხრონოღრაფი გიორგი მონაზონისაი / _cსიმ. ყაუხჩიშვილი ; [თარგმანი არსენ იყალთოელისა]. |
||
| 264 |
_aტფილისი : _bსტამბა "სახალხო საქმე, _c1920. |
||
| 300 |
_a328, [1]გვ. ; _c24 სმ. _eINDEX გვ. 310-324 |
||
| 490 | _aქართული ძეგლები. საისტორიო მწერლობა 1. | ||
| 500 | _aკანი და თავფურც. ქართულ და ლათინურ ენაზე | ||
| 541 | _h2 ლ. | ||
| 653 | _aბიზანტიის ისტორიოგრაფია | ||
| 653 | _aხრონოღრაფი გიორგი მონაზონისაი | ||
| 700 |
_a არსენ იყალთოელის _eთარგმანი _927020 |
||
| 942 |
_cBK _2udc |
||